Statistics for Hollywood Inspired Nicknames

Click here to take the quiz!

General Stats

  • This quiz has been taken 2 times
  • The average score is 2 of 60

Answer Stats

HintAnswer% Correct
India (Hindi)Bollywood
100%
NigeriaNollywood
50%
Southeast AsiaAseanwood
0%
AustraliaAussiewood
0%
India (Bhojpuri)Bhojiwood
0%
ColombiaBogotawood
0%
UKBorehamwood
0%
Puerto RicoBorikwood
0%
Hong Kong (Cantonese)Cantonwood
0%
India (Chhattisgarh)Chhollywood
0%
ChinaChinawood
0%
JapanChoicewood
0%
PeruChollywood
0%
India (Tulu)Coastalwood
0%
BangladeshDhallywood
0%
India (Gujarati)Dhollywood or Gollywood
0%
HungaryEtyekwood
0%
Sri LankaFollywood
0%
FranceGaulywood
0%
GhanaGhollywood
0%
GermanyGörliwood
0%
South KoreaHallyuwood
0%
RwandaHillywood
0%
"Cool" JapanHogawood or Animewood
0%
SwedenHollyhamar
0%
CanadaHollywood North
0%
ItalyHollywood on the Tiber
0%
India (Assamese)Jollywood
0%
Nigeria (Hausa)Kannywood
0%
Nigeria (Karai-Karai)Karewood
0%
Pakistan (Karachi)Kariwood
0%
KazakhstanKazakhwood
0%
India (Tamil)Kollywood
0%
Latin AmericaLatinwood
0%
Pakistan (Punjab)Lollywood
0%
MexicoMexiwood
0%
India (Malayalam)Mollywood
0%
USA (Mormon)Mollywood
0%
CyprusOlivewood
0%
India (Odia)Ollywood
0%
Anti-Israel VideoPallywood
0%
PeruPeruliwood
0%
EnglandPinewood
0%
Pakistan (Pashto) and India (Punjab)Pollywood
0%
KenyaRiverwood
0%
BrazilSambawood
0%
India (Kannada)Sandalwood
0%
Somali Immigrant Community in Columbus, OhioSomaliwood
0%
TanzaniaSwahiliwood
0%
TaiwanTaiwood
0%
New MexicoTamalewood
0%
India (Bengali and Telugu)Tollywood
0%
SwedenTrollywood
0%
UgandaUgawood
0%
WalesValleywood
0%
Wakaliga, Kampala, UgandaWakaliwood
0%
New ZealandWellywood
0%
GeorgiaY'allywood
0%
ZambiaZambiwood
0%
ZimbabweZollywood
0%

Score Distribution

Percentile by Number Answered

Percent of People with Each Score

Your Score History

You have not taken this quiz